Регионална библиотека "Любен Каравелов" - Русе

За музиката и музикалното възпитание (Запис номер 94898)

MARC детайли
000 -Лидер
Контролно поле с фиксирана дължина 01257nam a2200313 c 4500
003 - Код на организацията, давaща контролен номер
Контролно поле BLK
005 - Дата и час на последна редакция
Контролно поле 20221123134940.0
008 - Елементи от данни с фиксирана дължина
fixed length control field 180408b bul|||||r ||||||| ||bul||
010 ## - Наследен системен номер
LC control number KNG00099733000
040 ## - Източник на каталожния запис
Идентификатор на билиотеката - собственик на записа BLK
041 ## - Код за език
Код за езика на текст/звукозапис или на отделно заглавие Български
Код за езика КДБФ Български
080 ## - УДК
Текстов определител УДК Естетическо възпитание
УДК код - определител по УДК 37.036
УДК - код + определител 37.036
080 ## - УДК
Текстов определител УДК Музика
УДК код - определител по УДК 78
УДК - код + определител 78
139 ## - Редно поле
Редна дума За музиката и музикалното възпитание
Авторски знак З - З 11
245 10 - Сведения за заглавието
Заглавие За музиката и музикалното възпитание
Подзаглавни данни Сб. от статии : Ч 1 -
Редно поле (дума) състав. Евгения Андреева Заякова.
Том Ч. 1
257 ## - Страна на издаване
Страна на създаване/издаване България
260 ## - Област на издателските данни
Място на издаване, разпространение и проч. София
Име на издателя, разпространителя и проч. Нар. просв.
Година на издаване 1975 -
300 ## - Физическа характеристика
Страници 160 с.
Илюстрации и др. с ил., ноти
Размери/Мащаб 20 см
380 ## - Жанр
Жанр Изкуство
650 #4 - Допълнително описание по предмет – тема
Основно описание – тема или топоним Музикално възпитание
9 (RLIN) 272575
653 ## - Ключова дума – ненормативна
Ключова дума музикално възпитание
700 1# - Други автори (авторска отговорност)
Лично име Заякова, Евгения Андреева
Автороска отговорност (Описва отношението между автора и произведението) състав.
9 (RLIN) 374041
760 1# - Описание на основната серия
Място на издаване, издател и година 1975
Страници - том 160 с. : с ноти, сх.
Заглавие Ч. 1
852 ## - Местоположение
Форматна сигнатура Цб 96102
856 4# - Електронен адрес и достъп
Електронен формат pdf - файл
Инструкция (цена за достъп) 0.00
Права за достъп disable
856 4# - Електронен адрес и достъп
Електронен формат pdf - файл
Инструкция (цена за достъп) 0.00
Права за достъп disable
999 ## - СИСТЕМНИ КОНТРОЛНИ НОМЕРА
Koha biblionumber 94898
Koha biblioitemnumber 94898
942 ## - АРТИКУЛИ
Вид на библиотечния материал Книги
Скрит в OPAC Не
Периодичен библиозапис Да
944 ## - СЪЗДАВАНЕ И РЕДАКЦИЯ на ЗАПИСА
Създаване/Редакция Създаване
Дата на регистрацията/редакция 19.02.2011
Статус, дата на статуса добави в АБ / 18.02.2011
Служител, извършил регистрацията/редакцията Ирена_Линкова
944 ## - СЪЗДАВАНЕ И РЕДАКЦИЯ на ЗАПИСА
Създаване/Редакция Редакция
Дата на регистрацията/редакция 11.01.2013
Статус, дата на статуса добави в АБ / 18.02.2011
999 ## - СИСТЕМНИ КОНТРОЛНИ НОМЕРА
Koha biblioitemnumber 94898
Наличности
Код за отписване Код за изгубен артикул Източник на класификационната схема Код за повреда Коз за рестрикции Код за отдаване Артикулен № Име на библиотеката - собственик Име на библиотеката, в която се намира в момента Статус (Текущо местоположение) Дата на вписване в системата Местоположение - отдел Цена в лева Инвентарен номер Систематично азбучна сигнатура Баркод Номер на екземпляра Цена в евро Служебна бележка Служебен тип на артикула
Изтеглен Не е изгубен Universal Decimal Classification Не е повреден без рестрикции ползва се в читалня 152321 Регионална библиотека "Любен Каравелов" Русе Регионална библиотека "Любен Каравелов" Русе Отдел Изкуство - читалня 1975-01-01 Отдел Изкуство - читалня 0.00 523435 И 37/З 11 523435 1 0.00 N: стар фонд Дата: 01.01.1975 Дата инв: 18.06.2012 Бележки инв: * Книги
  Не е изгубен Universal Decimal Classification Не е повреден само за читалня ползва се в читалня 152322 Регионална библиотека "Любен Каравелов" Русе Регионална библиотека "Любен Каравелов" Русе Хранилище 1975-01-01 Хранилище 0.51 191951 Цб 96102 120000191951 2 0.26 Дост: Dp Вид: Д N: стар фонд Дата: 01.01.1975 Книги
Изтеглен Не е изгубен Universal Decimal Classification Не е повреден без рестрикции заемане за дома 152323 Регионална библиотека "Любен Каравелов" Русе Регионална библиотека "Любен Каравелов" Русе Отдел Изкуство - подръчен фонд 1975-01-01 Отдел Изкуство - подръчен фонд 0.00 222752 ИП 37/З 11 222752 3 0.00 Дост: Pk Вид: Ф N: стар фонд Дата: 01.01.1975 Дата инв: 10.02.2015 Бележки инв: ИП2015 Книги
Vip Innovations Ltd, Rousse, Bulgaria 2025